Sheʼelot u-teshuvot. (Record no. 32435)

MARC details
000 -LEADER
fixed length control field 00573cam a22002171 4500
001 - CONTROL NUMBER
control field he 67001166
003 - CONTROL NUMBER IDENTIFIER
control field DLC
005 - DATE AND TIME OF LATEST TRANSACTION
control field 20260227111447.0
008 - FIXED-LENGTH DATA ELEMENTS--GENERAL INFORMATION
fixed length control field 830512s1904 pl 000 0 heb
010 ## - LIBRARY OF CONGRESS CONTROL NUMBER
LC control number he 67001166
035 ## - SYSTEM CONTROL NUMBER
System control number (OCoLC)19159835
040 ## - CATALOGING SOURCE
Original cataloging agency DLC
Transcribing agency MH
Modifying agency DLC
042 ## - AUTHENTICATION CODE
Authentication code premarc
050 00 - LIBRARY OF CONGRESS CALL NUMBER
Classification number BM522.21
Item number .R9 1904
100 0# - MAIN ENTRY--PERSONAL NAME
Personal name Aryeh Jacob,
Titles and words associated with a name of Smela,
Dates associated with a name -1827.
245 10 - TITLE STATEMENT
Title Sheʼelot u-teshuvot.
260 ## - PUBLICATION, DISTRIBUTION, ETC.
Place of publication, distribution, etc. Piotrków :
Name of publisher, distributor, etc. N. N. Ḳronenberg,
Date of publication, distribution, etc. 1904.
300 ## - PHYSICAL DESCRIPTION
Extent 46 p. ;
Dimensions 24 cm.
650 #0 - SUBJECT ADDED ENTRY--TOPICAL TERM
Topical term or geographic name entry element Responsa.
752 ## - ADDED ENTRY--HIERARCHICAL PLACE NAME
Country or larger entity Poland
City Piotrków Trybunalski

No items available.

Powered by Koha